书目信息 |
| 题名: |
大禹传说与会稽山文化演变研究
|
|
| 作者: | 张炎兴 著 | |
| 分册: | ||
| 出版信息: | 北京 中华书局 2018 |
|
| 页数: | 306页 | |
| 开本: | 24cm | |
| 丛书名: | ||
| 单 册: | ||
| 中图分类: | K928.3 | |
| 科图分类: | ||
| 主题词: | 山--shan--文化史--绍兴 | |
| 电子资源: | ||
| ISBN: | 978-7-101-13353-0 | |
| 000 | 01235nam0 2200253 450 | |
| 001 | 2131063804 | |
| 005 | 20211029202829.0 | |
| 010 | @a978-7-101-13353-0@dCNY78.00 | |
| 100 | @a20190109d2018 em y0chiy50 ea | |
| 101 | 0 | @achi |
| 102 | @aCN@b110000 | |
| 105 | @aab z 000yy | |
| 106 | @ar | |
| 200 | 1 | @a大禹传说与会稽山文化演变研究@Ada yu chuan shuo yu hui ji shan wen hua yan bian yan jiu@dLegend of Yu the great and the evolution of mount Kuaiji culture@f张炎兴著@zeng |
| 210 | @a北京@c中华书局@d2018 | |
| 215 | @a306页@c图,地图,照片@d24cm | |
| 300 | @a国家社科基金后期资助项目 | |
| 330 | @a本书通过有关典籍的整理、摩崖碑刻的考释以及周边的田野调查,揭示了大禹传说在会稽山上的两处标志性遗迹——南麓的飞来石和北麓的空石,是如何逐渐演化成道教的阳明洞天和儒教的禹庙,进而形成会稽山文化儒道互补格局的。并指出,“儒显道隐”是此格局的一个显著特征。全书最后,还分析了这种会稽山儒道互补文化的形成,对绍兴的精神气质以及该地名士文化的生成产生了怎样的重要影响。 | |
| 510 | 1 | @aLegend of Yu the great and the evolution of mount Kuaiji culture@zeng |
| 606 | 0 | @a山@Ashan@x文化史@y绍兴 |
| 690 | @aK928.3@v5 | |
| 701 | 0 | @a张炎兴@Azhang yan xing@f(1963-)@4著 |
| 801 | 0 | @aCN@b百万庄@c20211029 |
| 905 | @b1313755-58@dK928.3@e1208@f4 | |
| 大禹传说与会稽山文化演变研究=Legend of Yu the great and the evolution of mount Kuaiji culture/张炎兴著.-北京:中华书局,2018 |
| 306页:图,地图,照片;24cm |
| 国家社科基金后期资助项目 |
| ISBN 978-7-101-13353-0:CNY78.00 |
| 本书通过有关典籍的整理、摩崖碑刻的考释以及周边的田野调查,揭示了大禹传说在会稽山上的两处标志性遗迹——南麓的飞来石和北麓的空石,是如何逐渐演化成道教的阳明洞天和儒教的禹庙,进而形成会稽山文化儒道互补格局的。并指出,“儒显道隐”是此格局的一个显著特征。全书最后,还分析了这种会稽山儒道互补文化的形成,对绍兴的精神气质以及该地名士文化的生成产生了怎样的重要影响。 |
| ● |
| 相关链接 |
|
|
|
|
正题名:大禹传说与会稽山文化演变研究
索取号:K928.3/1208
 
预约/预借
| 序号 | 登录号 | 条形码 | 馆藏地/架位号 | 状态 | 备注 |
| 1 | 1313755 | 213137559 | 第二样本阅览室/ [索取号:K928.3/1208] | 在馆 | |
| 2 | 1313756 | 213137568 | 第二借阅区/ [索取号:K928.3/1208] | 在馆 | |
| 3 | 1313757 | 213137577 | 第二借阅区/ [索取号:K928.3/1208] | 在馆 | |
| 4 | 1313758 | 213137586 | 第二借阅区/ [索取号:K928.3/1208] | 在馆 |